| 000 | 01365nam a2200313 a 4500 | ||
|---|---|---|---|
| 999 |
_c1717 _d1717 |
||
| 003 | AR-BaISA | ||
| 005 | 20250127173558.0 | ||
| 006 | a||||fr|||| 000 0 | ||
| 007 | ta | ||
| 008 | 250127s1979 ag ||||f |||| 000 0 spa d | ||
| 020 |
_a8461005058 _q(Volumen 5) |
||
| 020 |
_a8461005007 _q(Obra completa) |
||
| 040 |
_bspa _cAR-BaISA |
||
| 082 | 0 | 4 |
_222 _a150.195 2 F895o |
| 100 | 1 |
_91149 _aFreud, Sigmund _eaut. |
|
| 245 | 1 | 0 |
_aObras completas: _bvolumen 5 (1900-01). La interpretación de los sueño (segunda parte). Sobre el sueño _cSigmund Freud; Ordenamiento, comentarios y notas de James Strachey con la colaboración de Anna Freud, asistidos por Alix Strachey y Alan Tyson; Traducción directa del alem´na de José L. Ercheverry |
| 260 |
_aBuenos Aires: _bAmorrurtu, _c1979 |
||
| 300 | _a747 p. | ||
| 500 | _aLa Biblioteca cuenta con los volúmenes 4, 5, 7, 10, 12, 13, 15, 16, 17, 18, 20 y 21 | ||
| 504 | _aBibliografía p.: 671-706 | ||
| 504 | _aÍndice de sueños p.: 707-712 | ||
| 504 | _aÍndice de símbolos p.: 713-714 | ||
| 504 | _aÍndice p.: 715-747 | ||
| 505 |
_tLa interpretación de los sueños (continuación) -- _tSobre la psicología de los procesos oníricos -- _tSobre el sueño (1901) |
||
| 650 | 1 | 4 |
_9141 _aPsicoanálisis |
| 700 |
_93546 _aEtcheverry, José L. _etr. |
||
| 700 |
_91931 _aFreud, Anna _eaut. |
||
| 942 |
_2ddc _cLI _e22 |
||